| 000 | 00698nam a2200229 a 4500 | ||
|---|---|---|---|
| 001 | BRL_726 | ||
| 005 | 20190320210853.0 | ||
| 008 | 300913s1960----sp-#######---#000-0#spa-# | ||
| 041 | _aspa | ||
| 044 | _asp | ||
| 050 | 4 |
_aPN6071 _b.A58 1960 |
|
| 245 | 1 | 0 |
_aAntología de cuentos policiales _cselección, prólogo y notas de Javier Lasso de la Vega. |
| 260 |
_aBarcelona, España _bEditorial Labor _c1960 |
||
| 300 |
_alxxi, 1068 p. _c24 cm. |
||
| 440 | 0 |
_aGrandes Antologías Labor _924762 |
|
| 500 | _aAu778 | ||
| 504 | _aBibliografía: p. 1067-1068 | ||
| 650 | 1 | 4 |
_aCuentos policíacos _924763 |
| 700 | 1 |
_aLasso de la Vega y Jiménez-Placer, Javier _924764 |
|
| 902 | _aGRL | ||
| 942 |
_2lcc _cB |
||
| 999 |
_c9538 _d9538 |
||